000 01133nam a2200265 i 4500
001 14427
003 ES-MaACL
005 20240228155325.0
007 t|
008 980813r19981772sp ||||0| spa j
040 _aM-BN-DP
_bspa
_cM-BN-DP
080 _a929 Witiza (460)
080 _a946.0"0414/0711"
100 1 _aMayáns y Siscar, Gregorio.
_979333
245 1 0 _aDefensa del Rei Witiza /
_csu autor, Gregorio Mayans i Siscar. Carta del Revmo. P. Frai Josef de S. Pedro de Alcántara Castro ... escrita al Sºr. D. Gregorio Mayáns i Siscár ... sobre la defensa del Rei Witiza.
260 _aValencia :
_bLibrerías París-Valencia,
_cD.L. 1998.
300 _a45, 28 p ;
_c22 cm.
534 _pReprod. de la ed. de:
_c-- Valencia : Josef i Thomas de Orga, 1772.
534 _pReprod. de la ed. de:
_c-- Valencia : Josef i Tomas de Orga, 1773.
600 1 4 _aWitiza
_cRey de los Visigodos.
_9117165
651 7 _aEspaña-
_xHistoria-
_y0414-0711, Época visigoda
_2
_9162046
700 1 _aSan Pedro de Alcántara Castro, José de.
_9102292
852 _aES-MaACL
_jL-21634
_bR.126637
999 _c14427
_d14427